00325cam a22001097a 4500008004000000082001400040100002400054245006200078260004600140300001300186650001600199180718b1984 xxu||||| |||| 00| 0 eng d aHx54 Iy9a aKrishna Iyer, V. R. aRandom miscellany, legal and othercby V. R. Krishna Iyer aNew DelhibPeoples Publishing Housec1984 avi, 133p aLaw --India